000 01699nam2a2200313 4500
001 RU\NLR\bibl\1806326
005 20250616152050.0
010 _a978-5-98575-503-9
_9500
035 _a(NLR Aleph) 001796967
090 _a1784991
_c1784991
100 _a20110907d2010 |||y0rusy50 ca
101 0 _arus
_aheb
102 _aRU
_aIL
105 _ag |||||||||
200 0 _a2009-2010
_e[ежегодный международный альманах
_fредкол.: Вера Горт и др.]
210 _d2010
_aБ. м.
215 _a524 с.
_cнот.
300 _aВ вып.дан. и в макете загл.: Год поэзии. Израиль. 2009-2010
300 _aЧасть текста на иврите
320 _aДр. произведения авторов в тексте
327 1 _aВ кн. вошли произведения поэтов Израиля, пишущих на русском языке, переводы стихов с иврита и на иврит, стихи авторов из России
461 0 _1001RU\NLR\bibl\1277985
_12001#$aГод поэзии. Израиль$v2009-2010
_9395738
_cМосква
_d2006
_fсост. Валерий Пайков, Эвелина Ракитская
_nИздательское содружество А. Богатых и Э. РАкитской Э.РА
_o[ежегодник израильской поэзии на русском языке
_tГод поэзии. Израиль
_v2009-2010
517 0 _aГод поэзии. Израиль. 2009-2010
702 1 _aГорт
_bВ.
_gВера
_4340
801 0 _aRU
_bNLR
_c20110907
_gRCR
801 1 _aRU
_bNLR
_c20110907
942 _cBOOK
980 _aNB